Visiones y representaciones: historia oral, imágenes y guerrillas en América Latina = Visions and representations: oral history, images and guerrilla warfare's in Latin America /

Сохранить в:
Библиографические подробности
Главный автор: Rodríguez López, José Rodrigo
Формат: Текст
Метки: Добавить метку
Нет меток, Требуется 1-ая метка записи!

MARC

LEADER 00000 a a2200000 04500
001 47939
003
040
100 |a Rodríguez López, José Rodrigo  
245 |a Visiones y representaciones: historia oral, imágenes y guerrillas en América Latina =   |b Visions and representations: oral history, images and guerrilla warfare's in Latin America /  |c José Rodrigo Rodríguez López  
773 |g número145, (2014), páginas 147-160  
999 |c 24174  |d 24174 
773 0 |0 18728  |9 3012  |a Universidad de Costa Rica  |d San José, Costa Rica Editorial UCR 1956-  |o 17142  |t Revista de Ciencias Sociales/  |x 04825276